[Event "Poti op 14th"]
[Site "Poti"]
[Date "2019.07.16"]
[Round "5"]
[White "Muradli, Mahammad"]
[Black "Shmavonyan, Areg"]
[Result "1/2-1/2"]
[WhiteElo "2454"]
[BlackElo "2207"]
[PlyCount "93"]
[EventDate "2019.07.13"]
[EventType "swiss"]
[EventRounds "9"]
[EventCountry "GEO"]
[SourceTitle "EXT 2020"]
[Source "ChessBase"]
[SourceDate "2019.10.17"]
[SourceVersion "1"]
[SourceVersionDate "2019.10.17"]
[SourceQuality "1"]

1. d4 d5 2. c4 c6 3. Nf3 Nf6 4. e3 Bg4 5. h3 Bh5 6. Qb3 Qb6 7. Qxb6 axb6 8. cxd5 Bxf3 9. gxf3 cxd5 10. Bb5+ Nc6 11. Bd2 e6 12. Ke2 Be7 13. Rc1 Kd7 14. Nc3 Rhc8 15. Na4 Bd8 16. Rc2 Ne8 17. b3 Nd6 18. Bd3 g6 19. Rac1 Ke7 20. Kd1 f5 21. Bf1 g5 22. Nc3 Kf6 23. Nb1 Be7 24. Bd3 h5 25. Be2 h4 26. Nc3 Kf7 27. Nb5 Nxb5 28. Bxb5 Ba3 29. Rb1 Nb4 30. Rxc8 Rxc8 31. Bxb4 Bxb4 32. Bd3 Kf6 33. Ke2 Ra8 34. Rb2 Rc8 35. Rc2 Rxc2+ 36. Bxc2 Bc3 37. Kf1 b5 38. Bd3 b4 39. Bb5 e5 40. dxe5+ Kxe5 41. Bd7 b6 42. Ke2 f4 43. Bc8 Kd6 44. Bg4 Ke5 45. Bc8 Kd6 46. Bg4 Ke5 47. Bc8 1/2-1/2

[Event "Yerevan Asrian Memorial 11th"]
[Site "Yerevan"]
[Date "2018.06.24"]
[Round "4"]
[White "Pogonina, Natalija"]
[Black "Shmavonyan, Areg"]
[Result "1/2-1/2"]
[WhiteElo "2469"]
[BlackElo "2103"]
[PlyCount "89"]
[EventDate "2018.06.21"]
[EventType "swiss"]
[EventRounds "9"]
[EventCountry "ARM"]
[SourceTitle "CBM 185 Extra"]
[Source "ChessBase"]
[SourceDate "2018.07.29"]
[SourceVersion "1"]
[SourceVersionDate "2018.07.29"]
[SourceQuality "1"]

1. d4 d5 2. c4 c6 3. Nf3 Nf6 4. e3 Bg4 5. h3 Bxf3 6. Qxf3 e6 7. Nc3 Nbd7 8. Bd3 Bb4 9. cxd5 cxd5 10. Bd2 Rc8 11. 0-0 0-0 12. Rfd1 Nb6 13. Qe2 Re8 14. Rac1 a6 15. Be1 Qe7 16. a3 Bd6 17. f4 Qd7 18. Rc2 Rc7 19. Bh4 Be7 20. Rdc1 Rec8 21. Nd1 Rxc2 22. Rxc2 g6 23. Nf2 Rxc2 24. Qxc2 Qc8 25. Qxc8+ Nxc8 26. Kf1 h5 27. Bg5 Kg7 28. a4 Na7 29. Ke2 Nc6 30. g4 hxg4 31. hxg4 Kf8 32. Bb1 Nd7 33. Bxe7+ Kxe7 34. g5 a5 35. Bd3 Nb6 36. b3 Nc8 37. Ng4 Nd6 38. Ne5 Nxe5 39. dxe5 Nc8 40. Kd2 Na7 41. e4 dxe4 42. Bxe4 b6 43. Kd3 Kd7 44. Kc4 Kd8 45. Bf3 1/2-1/2

[Event "ARM-chT"]
[Site "Yerevan"]
[Date "2018.06.11"]
[Round "4.4"]
[White "Ter Sahakyan, Samvel"]
[Black "Shmavonyan, Areg"]
[Result "1-0"]
[WhiteElo "2546"]
[BlackElo "2103"]
[PlyCount "99"]
[EventDate "2018.06.08"]
[EventType "team-tourn"]
[EventRounds "7"]
[EventCountry "ARM"]
[SourceTitle "CBM 184 Extra"]
[Source "ChessBase"]
[SourceDate "2018.06.28"]
[SourceVersion "1"]
[SourceVersionDate "2018.06.28"]
[SourceQuality "1"]
[WhiteTeam "Chessify"]
[BlackTeam "Chess Academy"]
[WhiteTeamCountry "ARM"]
[BlackTeamCountry "ARM"]

1. e4 e5 2. Nf3 Nc6 3. Bb5 a6 4. Ba4 Nf6 5. 0-0 Be7 6. d3 b5 7. Bb3 d6 8. a4 b4 9. Nbd2 0-0 10. a5 Rb8 11. Re1 Be6 12. Bxe6 fxe6 13. c3 bxc3 14. bxc3 Rb5 15. d4 Qd7 16. Qe2 Ra8 17. dxe5 dxe5 18. Nc4 Rd8 19. Bg5 Qd3 20. Qa2 Kh8 21. Re3 Qd7 22. h3 Rdb8 23. Qc2 Rc5 24. Nfd2 Bd6 25. Ree1 Rcb5 26. Red1 Qe7 27. Nf3 Rd8 28. Rd2 Rc5 29. Qd3 Qf8 30. Qe2 Rb8 31. Rad1 Ne8 32. Be3 Rcb5 33. Ng5 Nd8 34. Qg4 Nf6 35. Qh4 Be7 36. Qg3 h6 37. Nxe5 Rxe5 38. Qxe5 hxg5 39. Qxc7 Nf7 40. Bb6 Nxe4 41. Rd7 Re8 42. Qc4 Nf6 43. R7d2 Nd5 44. Qxa6 Nxc3 45. Rc1 Nd5 46. Qb7 Nd6 47. Qd7 Ne4 48. Rdc2 Ba3 49. Rc8 Nxb6 50. Qxe8 1-0

[Event "Poti op 12th"]
[Site "Poti"]
[Date "2017.07.19"]
[Round "6"]
[White "Shmavonyan, Areg"]
[Black "Beradze, Irakli"]
[Result "0-1"]
[WhiteElo "2048"]
[BlackElo "2466"]
[PlyCount "94"]
[EventDate "2017.07.14"]
[EventType "swiss"]
[EventRounds "9"]
[EventCountry "GEO"]
[SourceTitle "CBM 179 Extra"]
[Source "ChessBase"]
[SourceDate "2017.08.23"]
[SourceVersion "1"]
[SourceVersionDate "2017.08.23"]
[SourceQuality "1"]

1. d4 Nf6 2. c4 c6 3. Nf3 d5 4. Nc3 dxc4 5. a4 e6 6. e3 c5 7. Bxc4 Nc6 8. 0-0 cxd4 9. exd4 Be7 10. Bg5 0-0 11. Re1 Bd7 12. Qe2 Nb4 13. Ne5 Be8 14. Rad1 Nfd5 15. Nxd5 exd5 16. Bxe7 Qxe7 17. Bb3 Qd6 18. Qg4 Bc6 19. Re3 f6 20. Rg3 Qe7 21. Nf3 Rae8 22. h4 Qd7 23. Qf4 Qf7 24. a5 Re2 25. Rd2 Rfe8 26. Bd1 R2e4 27. Qd6 Qe7 28. Qxe7 R8xe7 29. h5 Kf8 30. Kh2 a6 31. Ng1 Bb5 32. Rc3 Re1 33. Bf3 Bc4 34. b3 Bb5 35. Rc8+ Kf7 36. Nh3 Bd7 37. Rc5 Bxh3 38. Kxh3 Ke6 39. h6 g6 40. Kg3 Kd6 41. Rc8 Re8 42. Rc5 Rh1 43. Rd1 Rxd1 44. Bxd1 Re7 45. Bf3 Rc7 46. Rxc7 Kxc7 47. Bg4 f5 0-1

[Event "Poti op 12th"]
[Site "Poti"]
[Date "2017.07.17"]
[Round "4"]
[White "Galoyan, Levon"]
[Black "Shmavonyan, Areg"]
[Result "0-1"]
[WhiteElo "2257"]
[BlackElo "2048"]
[PlyCount "66"]
[EventDate "2017.07.14"]
[EventType "swiss"]
[EventRounds "9"]
[EventCountry "GEO"]
[SourceTitle "CBM 179 Extra"]
[Source "ChessBase"]
[SourceDate "2017.08.23"]
[SourceVersion "1"]
[SourceVersionDate "2017.08.23"]
[SourceQuality "1"]

1. Nf3 Nf6 2. c4 c5 3. Nc3 e6 4. g3 b6 5. Bg2 Bb7 6. 0-0 Be7 7. b3 0-0 8. d4 cxd4 9. Qxd4 d6 10. Bb2 a6 11. Rfd1 Nbd7 12. Ne1 Qc7 13. Rac1 Rac8 14. e4 Rfd8 15. Rc2 Qb8 16. h3 Nc5 17. Re2 Bf8 18. Qe3 Ba8 19. Red2 Nfd7 20. Kh2 b5 21. b4 Ne5 22. Bf1 Ncd7 23. cxb5 Nb6 24. Rc2 Nbc4 25. Qc1 axb5 26. Ba1 d5 27. exd5 exd5 28. f4 Nc6 29. a3 Ne7 30. Bd3 d4 31. Ne4 Ne3 32. Bxd4 Nxc2 33. Bxc2 Bxe4 0-1

[Event "Poti op 12th"]
[Site "Poti"]
[Date "2017.07.15"]
[Round "2"]
[White "Shmavonyan, Areg"]
[Black "Sattarov, Bobir"]
[Result "1/2-1/2"]
[WhiteElo "2048"]
[BlackElo "2383"]
[PlyCount "171"]
[EventDate "2017.07.14"]
[EventType "swiss"]
[EventRounds "9"]
[EventCountry "GEO"]
[SourceTitle "CBM 179 Extra"]
[Source "ChessBase"]
[SourceDate "2017.08.23"]
[SourceVersion "1"]
[SourceVersionDate "2017.08.23"]
[SourceQuality "1"]

1. e4 e5 2. Nf3 Nc6 3. d4 exd4 4. Nxd4 Nf6 5. Nc3 d6 6. Bb5 Bd7 7. 0-0 Be7 8. Re1 0-0 9. h3 a6 10. Bxc6 Bxc6 11. Nxc6 bxc6 12. e5 Nd7 13. Bf4 d5 14. Ne2 Bc5 15. Ng3 Re8 16. Nf5 Re6 17. c3 Nf8 18. Qf3 Qe8 19. Re2 Ng6 20. Rae1 Qf8 21. Qg4 Rae8 22. Bg3 Bb6 23. h4 c5 24. h5 Ne7 25. Ne3 c4 26. Bf4 h6 27. b3 cxb3 28. axb3 Rb8 29. Nc2 a5 30. Be3 c5 31. f4 f5 32. exf6 Rxf6 33. Bf2 Nf5 34. Qf3 d4 35. cxd4 cxd4 36. Qd5+ Kh8 37. Rd1 Ng3 38. Red2 Rf5 39. Qc6 Nxh5 40. Nxd4 Rxf4 41. Qg6 Qf7 42. Qxf7 Rxf7 43. Nc6 Rxf2 44. Rxf2 Bxf2+ 45. Kxf2 Rxb3 46. Nxa5 Rc3 47. Rd4 Nf6 48. Nc4 Kh7 49. Ne3 Rc5 50. Kf3 Kg6 51. Ra4 Rb5 52. Ra6 Kg5 53. Ra7 g6 54. Ra3 Nd7 55. Nc4 Rb4 56. Ra5+ Kf6 57. Ra6+ Kf7 58. Ra7 Ke8 59. Nd6+ Ke7 60. Ne4 Rb5 61. Kf4 Ke6 62. Ra6+ Nb6 63. Nc5+ Kd5 64. Nd3 Kd4 65. Ne1 Rf5+ 66. Kg3 Rg5+ 67. Kf2 Rb5 68. Nf3+ Ke4 69. Kg3 g5 70. Kg4 Nc4 71. Re6+ Kd3 72. Ne1+ Kd2 73. Nf3+ Kc3 74. Kh5 Kd3 75. Rxh6 Ke4 76. Nxg5+ Kf4 77. Rf6+ Kg3 78. Kh6 Ne5 79. Ne4+ Kxg2 80. Rf5 Rb6+ 81. Nf6 Ng4+ 82. Kg5 Ne3 83. Re5 Rxf6 84. Kxf6 Ng4+ 85. Kf5 Nxe5 86. Kxe5 1/2-1/2

[Event "Yerevan op 1st"]
[Site "Yerevan"]
[Date "2016.10.08"]
[Round "7"]
[White "Gholami Orimi, Mahdi"]
[Black "Shmavonyan, Areg"]
[Result "0-1"]
[WhiteElo "2302"]
[BlackElo "2058"]
[PlyCount "74"]
[EventDate "2016.10.02"]
[EventType "swiss"]
[EventRounds "9"]
[EventCountry "ARM"]
[SourceTitle "EXT 2017"]
[Source "ChessBase"]
[SourceDate "2016.10.25"]
[SourceVersion "1"]
[SourceVersionDate "2016.10.25"]
[SourceQuality "1"]

1. d4 d5 2. c4 e6 3. Nc3 Be7 4. Nf3 Nf6 5. Bg5 h6 6. Bxf6 Bxf6 7. Qc2 0-0 8. 0-0-0 c6 9. e4 dxe4 10. Qxe4 Nd7 11. h4 Re8 12. Bd3 Nf8 13. g4 g6 14. h5 g5 15. Rhe1 Qc7 16. Ne5 Bg7 17. Kb1 Rd8 18. Bc2 Bd7 19. f4 gxf4 20. g5 hxg5 21. h6 Bxh6 22. Qh1 Bg7 23. Ne4 f6 24. Ng4 f5 25. Nef6+ Bxf6 26. Nxf6+ Kf7 27. Qh6 Ng6 28. Qxg5 Rh8 29. Rg1 Rag8 30. Nxg8 Rxg8 31. d5 Qe5 32. Qh5 Qf6 33. dxe6+ Bxe6 34. Qf3 Re8 35. c5 Qe5 36. Bb3 Qe4+ 37. Qxe4 fxe4 0-1

[Event "EU-ch U14 26th"]
[Site "Prague"]
[Date "2016.08.25"]
[Round "7"]
[White "Parkhov, Yair"]
[Black "Shmavonyan, Areg"]
[Result "1/2-1/2"]
[WhiteElo "2102"]
[BlackElo "1998"]
[PlyCount "105"]
[EventDate "2016.08.18"]
[EventType "swiss"]
[EventRounds "9"]
[EventCountry "CZE"]
[SourceTitle "CBM 174 Extra"]
[Source "ChessBase"]
[SourceDate "2016.10.10"]
[SourceVersion "1"]
[SourceVersionDate "2016.10.10"]
[SourceQuality "1"]

1. d4 d5 2. c4 e6 3. Nf3 c6 4. e3 Nf6 5. Bd3 dxc4 6. Bxc4 Nbd7 7. 0-0 Bd6 8. Nbd2 e5 9. Bb3 exd4 10. exd4 0-0 11. Nc4 Be7 12. Qd3 Nc5 13. Qc2 Nxb3 14. Qxb3 Be6 15. Qd3 Qd5 16. b3 Bf5 17. Qe2 Rfe8 18. Ne3 Qe4 19. Ng5 Qd3 20. Qxd3 Bxd3 21. Rd1 Be2 22. Re1 Bh5 23. Bd2 h6 24. Nh3 Ne4 25. Nf4 Nxd2 26. Nxh5 Bb4 27. Red1 Ne4 28. Ng3 Nc3 29. Rd3 Nd5 30. a3 Nxe3 31. fxe3 Be7 32. Kf2 Rad8 33. b4 g6 34. Rad1 Bg5 35. e4 Rd7 36. Kf3 Rc8 37. e5 Be7 38. Ne4 Rcd8 39. Nc3 Kg7 40. d5 cxd5 41. Nxd5 Bg5 42. Nf4 Rxd3+ 43. Rxd3 Rxd3+ 44. Nxd3 f5 45. exf6+ Kxf6 46. Ke4 Bd2 47. Kd5 Kf5 48. Nc5 b6 49. Nb3 a6 50. a4 h5 51. b5 axb5 52. axb5 h4 53. Kd4 1/2-1/2

[Event "EU-ch U14 26th"]
[Site "Prague"]
[Date "2016.08.21"]
[Round "4"]
[White "Shmavonyan, Areg"]
[Black "Amon, Nejc"]
[Result "1/2-1/2"]
[WhiteElo "1998"]
[BlackElo "2138"]
[PlyCount "56"]
[EventDate "2016.08.18"]
[EventType "swiss"]
[EventRounds "9"]
[EventCountry "CZE"]
[SourceTitle "CBM 174 Extra"]
[Source "ChessBase"]
[SourceDate "2016.10.10"]
[SourceVersion "1"]
[SourceVersionDate "2016.10.10"]
[SourceQuality "1"]

1. d4 Nf6 2. c4 e6 3. Nc3 Bb4 4. f3 0-0 5. a3 Bxc3+ 6. bxc3 Nh5 7. Nh3 f5 8. e3 b6 9. Bd3 Bb7 10. 0-0 d6 11. Qc2 Nd7 12. e4 fxe4 13. Bxe4 Bxe4 14. Qxe4 Re8 15. Bg5 Nhf6 16. Qc6 Rc8 17. Rfe1 h6 18. Bxf6 Nxf6 19. Nf4 Kf7 20. Qa4 Qd7 21. Qc2 e5 22. Qg6+ Kg8 23. Nh5 Qf7 24. Nxf6+ Qxf6 25. Qd3 c6 26. Rad1 d5 27. a4 exd4 28. cxd4 Rxe1+ 1/2-1/2

[Event "EU-ch U14 26th"]
[Site "Prague"]
[Date "2016.08.20"]
[Round "3"]
[White "Tomasi, Albert"]
[Black "Shmavonyan, Areg"]
[Result "0-1"]
[WhiteElo "2276"]
[BlackElo "1998"]
[PlyCount "62"]
[EventDate "2016.08.18"]
[EventType "swiss"]
[EventRounds "9"]
[EventCountry "CZE"]
[SourceTitle "CBM 174 Extra"]
[Source "ChessBase"]
[SourceDate "2016.10.10"]
[SourceVersion "1"]
[SourceVersionDate "2016.10.10"]
[SourceQuality "1"]

1. d4 d5 2. c4 e6 3. Nc3 Be7 4. Nf3 Nf6 5. Qc2 0-0 6. Bg5 h6 7. Bxf6 Bxf6 8. 0-0-0 c6 9. e4 dxe4 10. Qxe4 Nd7 11. Bd3 g6 12. h4 Bg7 13. Ne5 c5 14. Nxd7 Bxd7 15. dxc5 Qa5 16. h5 Bc6 17. Qe1 g5 18. f4 gxf4 19. Rh4 Qxc5 20. Rg4 Qxh5 21. Qe2 Qc5 22. Kb1 Qe3 23. Qf1 Rad8 24. Bc2 Rxd1+ 25. Nxd1 Qe5 26. Qh1 Rd8 27. Nc3 f5 28. Rh4 Bxg2 29. Qxg2 Qe1+ 30. Bd1 Rxd1+ 31. Kc2 Rc1+ 0-1

[Event "EU-ch U14 26th"]
[Site "Prague"]
[Date "2016.08.18"]
[Round "1"]
[White "Engel, Luis"]
[Black "Shmavonyan, Areg"]
[Result "1-0"]
[WhiteElo "2383"]
[BlackElo "1998"]
[PlyCount "85"]
[EventDate "2016.08.18"]
[EventType "swiss"]
[EventRounds "9"]
[EventCountry "CZE"]
[SourceTitle "CBM 174 Extra"]
[Source "ChessBase"]
[SourceDate "2016.10.10"]
[SourceVersion "1"]
[SourceVersionDate "2016.10.10"]
[SourceQuality "1"]

1. c4 Nf6 2. Nc3 c5 3. Nf3 e6 4. e4 d6 5. d4 cxd4 6. Nxd4 Be7 7. Be2 0-0 8. 0-0 b6 9. Bf3 e5 10. Nf5 Be6 11. b3 Na6 12. Ne3 Rc8 13. a4 Nc5 14. Ba3 Qd7 15. Qc2 g6 16. Rfd1 Ne8 17. Ned5 Bg5 18. Nb5 f5 19. a5 fxe4 20. Bxe4 Qf7 21. Bxc5 bxc5 22. Ndc3 Rd8 23. a6 Bh4 24. Rd2 Bg5 25. Rd3 Qe7 26. Bb7 Bf5 27. Ne4 Bh6 28. Qe2 Kh8 29. Nxa7 Bxe4 30. Qxe4 Nf6 31. Qe2 Rd7 32. Nc8 Rxc8 33. Bxc8 Ra7 34. Rad1 d5 35. cxd5 Qd6 36. Bb7 e4 37. Rc3 Bf4 38. g3 Be5 39. Rc2 Bd4 40. b4 Qe7 41. bxc5 Bxc5 42. d6 Bxd6 43. Qe3 1-0

[Event "Yerevan Asrian Memorial 9th"]
[Site "Yerevan"]
[Date "2016.06.18"]
[Round "3"]
[White "Mashalov, Aliniyaz"]
[Black "Shmavonyan, Areg"]
[Result "0-1"]
[WhiteElo "1680"]
[BlackElo "1995"]
[PlyCount "71"]
[EventDate "2016.06.16"]
[EventType "swiss"]
[EventRounds "9"]
[EventCountry "ARM"]
[SourceTitle "CBM 173 Extra"]
[Source "ChessBase"]
[SourceDate "2016.08.29"]
[SourceVersion "1"]
[SourceVersionDate "2016.08.29"]
[SourceQuality "1"]

1. c4 e6 2. Nf3 d5 3. d4 Nf6 4. Nc3 Be7 5. e3 0-0 6. Be2 b6 7. b3 Bb7 8. Bb2 Nbd7 9. 0-0 c5 10. cxd5 exd5 11. dxc5 bxc5 12. Qc2 Rc8 13. Rfd1 Qc7 14. Rac1 Rfd8 15. Qb1 Qb8 16. Qa1 Nf8 17. Na4 Ne6 18. Be5 Qa8 19. Nh4 Ne8 20. Nf5 Bf8 21. f3 f6 22. Bg3 g6 23. Nh4 Bh6 24. f4 d4 25. Bc4 Bd5 26. exd4 cxd4 27. Bxd5 Qxd5 28. Rxc8 Rxc8 29. Nf3 Bxf4 30. Bf2 d3 31. Nc3 Qf5 32. Nh4 Bxh2+ 33. Kf1 Qa5 34. Ne4 Be5 35. Qb1 f5 36. Ng3 0-1

[Event "Yerevan Asrian Memorial 9th"]
[Site "Yerevan"]
[Date "2016.06.16"]
[Round "1"]
[White "Harutyunian, Tigran K"]
[Black "Shmavonyan, Areg"]
[Result "1-0"]
[WhiteElo "2462"]
[BlackElo "1995"]
[PlyCount "71"]
[EventDate "2016.06.16"]
[EventType "swiss"]
[EventRounds "9"]
[EventCountry "ARM"]
[SourceTitle "CBM 173 Extra"]
[Source "ChessBase"]
[SourceDate "2016.08.29"]
[SourceVersion "1"]
[SourceVersionDate "2016.08.29"]
[SourceQuality "1"]

1. c4 Nf6 2. Nc3 c5 3. Nf3 e6 4. e3 Be7 5. d4 cxd4 6. exd4 d5 7. Bd3 0-0 8. 0-0 dxc4 9. Bxc4 Nbd7 10. Re1 Nb6 11. Bb3 Nbd5 12. Bg5 Bd7 13. Ne5 Bc6 14. Nxc6 bxc6 15. Rc1 Qa5 16. Na4 Rfd8 17. Nc5 Qb6 18. Qe2 Kh8 19. Nd3 h6 20. Ne5 hxg5 21. Nxf7+ Kh7 22. Nxg5+ Kh8 23. Nf7+ Kh7 24. Qxe6 Re8 25. Bc2+ g6 26. Ne5 Rg8 27. Nxg6 Rxg6 28. Qf7+ Kh8 29. Qxg6 Bf8 30. Re5 Bg7 31. Rce1 Kg8 32. Re7 Nxe7 33. Rxe7 Ne8 34. Rxe8+ Rxe8 35. Qxe8+ Bf8 36. Bb3+ 1-0